| 000 | 00556cam a22001691i 4500 | ||
|---|---|---|---|
| 001 | 000019870 | ||
| 005 | 20200929170154.0 | ||
| 008 | 770105s1943 xxu j 000 0 eng | ||
| 040 |
_aDO-SdBNP _cspa _dBNPHU |
||
| 082 |
_axxxx _bM787o |
||
| 100 | 1 |
_aMontgomery, Rutherford George, _d1896- _942397 |
|
| 245 | 1 | 0 |
_aOut of the sun / _cRutherford G. Montgomery ; illustrated by Clayton Knight. |
| 260 |
_aPhiladelphia : _bD. McKay, _c1943. |
||
| 300 |
_a254 p. : _bill. ; _c21 cm. |
||
| 700 | 1 |
_aKnight, Clayton, _eill. _93528 |
|
| 910 | _aCatalogación derivada / LC | ||
| 999 |
_c19383 _d19383 |
||